| 000 | 00806nas a2200265 4500 | ||
|---|---|---|---|
| 001 | BR8201716 | ||
| 003 | BR-BrBNA | ||
| 005 | 20231205085110.0 | ||
| 007 | ta | ||
| 008 | 230509b bl.|||p| |||| 00| 00por d | ||
| 040 |
_aBR-BrBNA _bpor _cBiblioteca Nacional de Agricultura |
||
| 041 | _a(Pt) | ||
| 072 | _aS10 | ||
| 100 | 1 | _aJardine, J.G. | |
| 100 | 1 | _aPape, G. | |
| 245 | 1 | _aComportamento de misturas de trigo e triticale em panificacao | |
| 246 | 1 | _aBehavior of mixed wheat and triticale flour in baking | |
| 650 | _aPAO | ||
| 650 | _aTRIGO | ||
| 650 | _aTRITICALE | ||
| 650 | _aINDUSTRIA ALIMENTICIA | ||
| 773 | 0 |
_tPesquisa Agropecuaria Brasileira (Brazil) _xISSN 0100-204X _g(Aug 1982), v. 17(8) p. 1213-1219 _wBR8201716 |
|
| 909 |
_a202311 _bLúcia _c55 _dLúcia Elande |
||
| 942 |
_2AGRIS _n0 _cANA |
||
| 999 |
_c109199 _d109199 |
||